ბათუმის შოთა რუსთაველის სახელმწიფო უნივერსიტეტის ბიბლიოთეკა

Арифметика (ბიბ.ჩანაწერი № 38864)

000 -LEADER
fixed length control field 00587nam a2200217Ia 4500
001 - CONTROL NUMBER
control field 5277
003 - CONTROL NUMBER IDENTIFIER
control field GE_BSU
008 - FIXED-LENGTH DATA ELEMENTS--GENERAL INFORMATION
fixed length control field 181216s||||||||xx |||||||||||||| ||und||
040 ## - CATALOGING SOURCE
Transcribing agency GE_BSU
080 ## - UNIVERSAL DECIMAL CLASSIFICATION NUMBER
Universal Decimal Classification number 511.1
100 ## - MAIN ENTRY--PERSONAL NAME
Personal name Гребенча,М. К С. Е. Ляпин.
245 ## - TITLE STATEMENT
Title Арифметика
245 ## - TITLE STATEMENT
Remainder of title пособие для студентов учительских институтов
250 ## - EDITION STATEMENT
Edition statement 2-е изд.,
260 ## - PUBLICATION, DISTRIBUTION, ETC.
Place of publication, distribution, etc. Москва
260 ## - PUBLICATION, DISTRIBUTION, ETC.
Name of publisher, distributor, etc. Учпедгиз
260 ## - PUBLICATION, DISTRIBUTION, ETC.
Date of publication, distribution, etc. 1952
300 ## - PHYSICAL DESCRIPTION
Extent 277с.22см.
653 ## - INDEX TERM--UNCONTROLLED
Uncontrolled term Арифметика
942 ## - ADDED ENTRY ELEMENTS (KOHA)
Koha item type წიგნი
ეგზემპლარები
Withdrawn status Lost status Damaged status Not for loan Date acquired Barcode Date last seen Price effective from Koha item type
        2018-12-17 16112 2018-12-17 2018-12-17 წიგნი